Statistics for Closest capital acrostics- P capitals part 2

Click here to take the quiz!

General Stats

  • This quiz has been taken 50 times
  • The average score is 46 of 57

Answer Stats

HintAnswer% Correct
IIslamabad
100%
IIslamabad
100%
IIslamabad
100%
IIslamabad
100%
OOslo
96%
OOslo
96%
AAsuncion
92%
AAsuncion
92%
OOslo
92%
OOuagadougou
92%
OOuagadougou
92%
OOuagadougou
92%
PPort au Prince
92%
PPort of Spain
92%
UUlaanbaatar
92%
UUlaanbaatar
92%
FFreetown
88%
OOttawa
88%
OOttawa
88%
OOttawa
88%
PPanama City
88%
RRoseau
88%
RRoseau
88%
TTegucigalpa
88%
TTegucigalpa
88%
OOttawa
84%
OOttawa
84%
RRiyadh
84%
RRiyadh
84%
VValletta
84%
VVientiane
84%
AApia
80%
NNassau
80%
PParamaribo
80%
RRabat
80%
RRiyadh
80%
TTaipei
80%
CCaracas
76%
NNiamey
76%
PPort Moresby
76%
YYaren
76%
BBandar Seri Begawan
72%
NNassau
72%
PPalikir
72%
SSaint George's
72%
RRiga
68%
MMajuro
64%
PPretoria
64%
RReykjavik
60%
TTripoli
60%
LLima
56%
SSouth Tarawa
56%
TTehran
56%
LLilongwe
52%
PPraia
52%
TTokyo
52%
SSri Jayawardenapura Kotte
48%

Score Distribution

Percentile by Number Answered

Percent of People with Each Score

Your Score History

You have not taken this quiz